Operation burning candle; a novel.

Saved in:
Bibliographic Details
Main Author: Jackson, Blyden
Format: Book
Language:English
Published: New York, Third Press [1973]
LEADER 00744nam a2200217 4500
001 c000074354
003 CARM
005 00000000000000.0
008 740104s1973 nyu 00001 eng
019 1 |a 523282  |5 LACONCORD2021 
020 |a 0893880884 
035 |a (OCoLC)732428  |5 LACONCORD2021 
050 0 0 |a PZ4.J128  |b Op  |a PS3560.A18 
100 1 |a Jackson, Blyden. 
245 1 0 |a Operation burning candle;  |b a novel. 
260 |a New York,  |b Third Press  |c [1973] 
300 |a 221 p.  |c 22 cm. 
852 8 |b CARM  |h A2:AB07A0  |i B02568  |p 0097824  |f BK 
082 0 4 |a 813/.5/4 
999 f f |i 910d9ad0-1daf-54a0-a1b4-65fbc27a0a7b  |s 5f0b472d-5ef0-53f5-8d2d-dd7d38daa915 
952 f f |p Can circulate  |a CAVAL  |b CAVAL  |c CAVAL  |d CARM 1 Store  |e B02568  |f A2:AB07A0  |h Other scheme  |i book  |m 0097824